Branches of Christianity - Statistics

General Stats
  • This quiz has been taken 35 times
  • The average score is 4 of 10
Answer Stats
~ Followers Branch % Correct
1.4 Billion Roman Catholic Church
80%
240 Million Eastern Orthodox
71%
70 Million Lutheran
71%
100 Million Anglican / Episcopal
63%
90 Million Baptist
63%
75 Million Methodist / Wesleyan
49%
85 Million Reformed / Presbyterian
26%
65 Million Oriental Orthodox
20%
600 Million Pentecostalism
6%
50 Million Restorationist / Nontrinitarian
0%
No matching quizzes found
Score Distribution
Percent of People with Each Score
Percentile by Number Answered
Your Score History
You have not taken this quiz